THE FISRT CIRCLE (Record no. 584335)

000 -LEADER
fixed length control field 00246nam a22001097a 4500
082 ## - DEWEY DECIMAL CLASSIFICATION NUMBER
Classification number 808.3 SOL'F
100 ## - MAIN ENTRY--PERSONAL NAME
Personal name SOLZHENITSGN, ALAKSANDR I
9 (RLIN) 79281
245 ## - TITLE STATEMENT
Title THE FISRT CIRCLE
260 ## - PUBLICATION, DISTRIBUTION, ETC.
Place of publication, distribution, etc. NEWYORK
Name of publisher, distributor, etc. 1969
Date of publication, distribution, etc. ABARTON
300 ## - PHYSICAL DESCRIPTION
Extent 674P
942 ## - ADDED ENTRY ELEMENTS (KOHA)
Koha item type Book
Holdings
Withdrawn status Lost status Damaged status Not for loan Permanent Location Current Location Shelving location Date acquired Total Checkouts Full call number Barcode Date last seen Price effective from Koha item type
        College of Electrical & Mechanical Engineering (CEME) College of Electrical & Mechanical Engineering (CEME) General Stacks 07/03/2017   808.3 SOL'F CEME-6823 06/28/2021 06/28/2021 Book
© 2023 Central Library, National University of Sciences and Technology. All Rights Reserved.